000 00522nam a2200181Ia 4500
008 090124s9999 xx 000 0 und d
082 _b118482
100 _aशिरवळकर सुहास
245 _a जमीन आस्मान
250 _a1
260 _c1980
300 _a262
600 _aशिरवळकर सुहास
630 _a जमीन आस्मान
700 _aशिरवळकर सुहास
730 _a जमीन आस्मान
942 _cBOOK
999 _c164568
_d164568